| 000 | 00470cam a2200193ua 4500 | ||
|---|---|---|---|
| 001 | 9289 | ||
| 005 | 20260515114441.0 | ||
| 008 | 150225n ii |||gr||||Z||||||eng | ||
| 040 | _cMAIN | ||
| 041 | _aeng | ||
| 082 | _a820 | ||
| 100 |
_aLegouis, E., _eAuthor. |
||
| 245 | 1 |
_aShort history of english literature _cBy Emile Legouis |
|
| 250 | _a1st. | ||
| 260 |
_aDelhi: _bOxford, _c1984. |
||
| 300 | _a404p. | ||
| 653 | _aEnglish.& Old English literatures | ||
| 942 | _cBK | ||
| 999 |
_c8349 _d8349 |
||